Brush lettering : an instructional manual in western brush calligraphy.
Kaydedildi:
| Asıl Yazarlar: | , |
|---|---|
| Materyal Türü: | Kitap |
| Dil: | İngilizce |
| Baskı/Yayın Bilgisi: |
New York, USA:
Design Books,
1994.
|
| Konular: | |
| Etiketler: |
Etiketle
Etiket eklenmemiş, İlk siz ekleyin!
|
MARC
| LEADER | 00000cam a2200000 a 4500 | ||
|---|---|---|---|
| 001 | 3470429 | ||
| 003 | CL-VaPUC | ||
| 005 | 20250407202449.0 | ||
| 008 | 250317t1994 ||||| |||| 00| 0 eng d | ||
| 999 | |c 447375 |d 447373 | ||
| 010 | |a 93037176 | ||
| 020 | |a 1-55821-269-8 | ||
| 040 | |a DLC |c Pontificia Universidad Católica de Valparaíso |d DLC | ||
| 050 | 0 | 0 | |a NK3600 |b .R38 1994 |
| 082 | 0 | 0 | |a 745.61 REA 1994 |2 22 |
| 100 | 1 | |a Reaves, Marilyn. |e author |9 896921 | |
| 245 | 1 | 0 | |a Brush lettering : |b an instructional manual in western brush calligraphy. |
| 260 | |a New York, USA: |b Design Books, |c 1994. | ||
| 300 | |a 176 páginas : |b ilustraciones. | ||
| 500 | |a c.1.-c.2. Instituto Arcos 8--2025. | ||
| 583 | |c 20250317 |k GC | ||
| 650 | 0 | |a Caligrafía |9 896922 | |
| 650 | 0 | |a Dibujo con pincel |9 896923 | |
| 700 | 1 | |a Schulte, Eliza. |e author |9 896924 | |
| 942 | |2 ddc |c BK |n 0 | ||
| 952 | |0 0 |1 0 |2 ddc |4 0 |6 745_610000000000000_REA_1994 |7 0 |8 A |9 601334 |a BIBINC |b BIBINC |d 2025-03-17 |e Instituto Arcos |i 5666215 |o 745.61 REA 1994 |p 5666215 |r 2025-03-17 |t 1 |w 2025-03-17 |y BK |k IFP | ||
| 952 | |0 0 |1 0 |2 ddc |4 0 |6 745_610000000000000_REA_1994 |7 0 |8 A |9 601335 |a BIBINC |b BIBINC |d 2025-03-17 |e Instituto Arcos |i 5666216 |o 745.61 REA 1994 |p 5666216 |r 2025-03-17 |t 2 |w 2025-03-17 |y BK |k IFP | ||